Riconosci la Squadra di calcio - Quiz n°156 - Statistics

Statistiche generali
  • Questo quiz è stato fatto 3 volte
  • Il punteggio medio è 6 su 10
Statistiche sulle risposte
Indizio Risposta % Corretto
Colori sociali Arancione, nero
100%
Simboli Martelli incrociati
100%
Confederazione UEFA
100%
Titoli nazionali 14 campionati ucraini
67%
Fondazione 1936
67%
Divisione nazionale 2023-2024 Prima
67%
Trofei nazionali 13 Coppe d'Ucraina
9 Supercoppe d'Ucraina
4 Coppe sovietiche
1 Supercoppa sovietica
33%
Trofei internazionali 1 Coppe UEFA/Europa League 1 Uhrencup
33%
Capienza Stadio 70 050 posti
33%
Squadra Shakhtar Donetsk
33%
Nessun quiz corrispondente trovato
Distribuzione punteggi
Percentuale di utenti per punteggio
Percentile per numero di risposta
I tuoi punteggi nel tempo
Non hai fatto questo quiz